Meaningful Philanthropy (Record no. 4534)

MARC details
000 -CABECERA
campo de control de longitud fija 02214nam a2200409 i 4500
001 - NÚMERO DE CONTROL
campo de control 991107386048506196
005 - FECHA Y HORA DE LA ÚLTIMA TRANSACCIÓN
campo de control 20250312124851.0
006 - CÓDIGOS DE INFORMACIÓN DE LONGITUD FIJA--CARACTERÍSTICAS DEL MATERIAL ADICIONAL
campo de control de longitud fija m o d |
007 - CAMPO FIJO DE DESCRIPCIÓN FÍSICA--INFORMACIÓN GENERAL
campo de control de longitud fija cr cnu||||||||
008 - DATOS DE LONGITUD FIJA--INFORMACIÓN GENERAL
campo de control de longitud fija 240701s2024 enka ob 001 0 eng d
020 ## - NÚMERO INTERNACIONAL ESTÁNDAR DEL LIBRO
Número Internacional Estándar del Libro 9781447371762
024 7# - IDENTIFICADOR DE OTROS ESTÁNDARES
Número estándar o código 10.56687/9781447371786
Fuente del número o código doi
035 ## - NÚMERO DE CONTROL DEL SISTEMA
Número de control de sistema (MiAaPQ)EBC31149823
035 ## - NÚMERO DE CONTROL DEL SISTEMA
Número de control de sistema (Au-PeEL)EBL31149823
035 ## - NÚMERO DE CONTROL DEL SISTEMA
Número de control de sistema (CKB)32331502200041
035 ## - NÚMERO DE CONTROL DEL SISTEMA
Número de control de sistema (DE-B1597)694768
035 ## - NÚMERO DE CONTROL DEL SISTEMA
Número de control de sistema (DE-B1597)9781447371786
035 ## - NÚMERO DE CONTROL DEL SISTEMA
Número de control de sistema (EXLCZ)9932331502200041
040 ## - FUENTE DE LA CATALOGACIÓN
Centro catalogador/agencia de origen MiAaPQ
Lengua de catalogación eng
Normas de descripción rda
-- pn
Centro/agencia transcriptor MiAaPQ
Centro/agencia modificador MiAaPQ
044 ## - CÓDIGO DEL PAÍS DE LA ENTIDAD EDITORA/PRODUCTORA
Código MARC del país xxk
Código ISO del país GB-BST
050 #4 - SIGNATURA TOPOGRÁFICA DE LA BIBLIOTECA DEL CONGRESO
Número de clasificación HV40
Número de documento/Ítem .S536 2024
100 ## - ENTRADA PRINCIPAL--NOMBRE DE PERSONA
Nombre de persona Shang, Jen,
Término indicativo de función/relación author.
9 (RLIN) 24895
245 10 - MENCIÓN DE TÍTULO
Título Meaningful Philanthropy
Resto del título : The Person Behind the Giving
Mención de responsabilidad, etc. / Jen Shang and Adrian Sargeant ; with a foreword by Tony Bury.
250 ## - MENCIÓN DE EDICIÓN
Mención de edición First edition.
264 #1 - PRODUCCIÓN, PUBLICACIÓN, DISTRIBUCIÓN, FABRICACIÓN Y COPYRIGHT
Producción, publicación, distribución, fabricación y copyright Bristol, England :
Nombre del de productor, editor, distribuidor, fabricante Policy Press,
Fecha de producción, publicación, distribución, fabricación o copyright [2024]
264 #4 - PRODUCCIÓN, PUBLICACIÓN, DISTRIBUCIÓN, FABRICACIÓN Y COPYRIGHT
Fecha de producción, publicación, distribución, fabricación o copyright 2024
300 ## - DESCRIPCIÓN FÍSICA
Extensión 187 pages
504 ## - NOTA DE BIBLIOGRAFÍA, ETC.
Nota de bibliografía, etc. Includes bibliographical references and index.
505 ## - NOTA DE CONTENIDO CON FORMATO
Nota de contenido con formato Psychological ownership and moral conviction —<br/>The self —<br/>Identity ceding —<br/>The essential self —<br/>Meaning and meaningfulness —<br/>Paths to meaningful philanthropy.
520 ## - SUMARIO, ETC.
Sumario, etc. With unparalleled access to some of the world's most reflective and thoughtful philanthropists, this book explores the philanthropic journeys of 48 high net worth individuals (HNWIs) and ultra-high net worth individuals (UHNWIs) to uncover the person behind the giving.<br/><br/><br/>Their stories reveal the difference between the meaning they experience and the impact their philanthropy makes. Through the lens of philanthropic psychology, the authors examine how philanthropists experience their giving and the psychological challenges they need to overcome.<br/><br/><br/>This fascinating book provides a unique guide for new and experienced philanthropists and their trusted advisers and fundraisers in the creation of more meaningful philanthropic experiences.
650 #0 - PUNTO DE ACCESO ADICIONAL DE MATERIA--TÉRMINO DE MATERIA
Término de materia o nombre geográfico como elemento de entrada Charities.
9 (RLIN) 24897
650 #0 - PUNTO DE ACCESO ADICIONAL DE MATERIA--TÉRMINO DE MATERIA
Término de materia o nombre geográfico como elemento de entrada Humanitarianism.
9 (RLIN) 24898
650 #0 - PUNTO DE ACCESO ADICIONAL DE MATERIA--TÉRMINO DE MATERIA
Término de materia o nombre geográfico como elemento de entrada Philanthropists.
9 (RLIN) 24899
700 ## - ENTRADA AGREGADA--NOMBRE PERSONAL
Nombre de persona Sargeant, Adrian,
Término indicativo de función/relación author.
9 (RLIN) 24900
700 ## - ENTRADA AGREGADA--NOMBRE PERSONAL
Nombre de persona Lopez, Tony,
Fechas asociadas al nombre 1950-
Término indicativo de función/relación writer of foreword.
942 ## - ELEMENTOS DE ENTRADA AGREGADA (KOHA)
Fuente del sistema de clasificación o colocación Clasificación de Library of Congress
Holdings
Estado de retiro Estado de pérdida Fuente del sistema de clasificación o colocación Estado dañado No para préstamo Biblioteca de origen Biblioteca actual Fecha de adquisición Total de préstamos Signatura topográfica completa Código de barras Fecha visto por última vez Número de copia Precio válido a partir de Tipo de ítem Koha
    Clasificación de Library of Congress     TBS Barcelona TBS Barcelona 12/03/2025   HV40 SHA B07502 12/03/2025 1 12/03/2025 Book

Powered by Koha